00386 2200157 4500001002100000005001500021035002000036245004100056100002100097300002600118260002800144082000800172084001400180020002200194990001200216INLIS00000000000296620250917021238 a0010-09250003131 aCinta Beda Kasta /cEidelweis Almira0 aEidelweis Almira a200 hlm ;c13 x 19 cm aJakarta :bZettu,c2014 a813 a813 EID c a978-602-1298-29-9 a0755667